00528 a2200169 450000500170000000800410001702000180005804000480007604100080012410000180013224500330015026000410018330000560022449000230028050000320030365000230033520140903175025.0140204s2012 enkao fr 001 0 eng d a9781406222777 aCO-BoUCMbspacJose A. GerenadHenry Ríos aeng1 aOxlade, Chris10aNuclear energycChris Oxlade bRaintreeaLondres (Inglaterra)c2012 a32 páginasbilustraciones y fotografías a color aTales of invention aIncluye índice y glosario 7aEnergía nuclear